| 000 | 01685cam a2200253 4500 | ||
|---|---|---|---|
| 001 | ABS67169 | ||
| 008 | 031029n2003 000 0 eng u | ||
| 035 | _a(Sirsi) u124166 | ||
| 100 | _aNorris, M. | ||
| 245 | 2 | _aA new demand for affordable housing in Ireland | |
| 260 | _c2003 | ||
| 490 |
_aGlobal Tenant: International Union of Tenants' Quarterly Magazine _vSeptember 2003, 4-5(2) |
||
| 520 | _aProvides an overview of the housing market in the Republic of Ireland and the new demand for affordable housing. Although home ownership levels are amongst the highest in the EU and relatively few Irish live in rented accommodation, new housing market entrants are being increasingly forced by sustained house price inflation to seek either social or private rented housing. The Irish government has introduced measures to reform the rented housing sector, which has been traditionally very lightly regulated and is in the process of establishing a Private Residential Tenancies Board, with which landlords must register all tenancies. It has also opened up the provision of new social housing to agencies other than local authorities and with the Planning and Development Act 2000 has ensured that most new social housing will be located in multi-tenure estates. Table shows social house building 1990- 2002. | ||
| 590 | _aABS | ||
| 650 | _aRENTED SECTOR | ||
| 650 | _aPLANNING AND DEVELOPMENT ACT 2000 (IRELAND) | ||
| 650 | _aPRIVATE RESIDENTIAL TENANTS BOARD | ||
| 650 | _aHOME OWNERSHIP | ||
| 650 | _aSOCIAL HOUSING | ||
| 650 | _aEUROPEAN UNION | ||
| 650 | _aREPUBLIC OF IRELAND | ||
| 690 | _aPROPERTY-RESIDENTIAL PROPERTY-RESIDENTIAL PROPERTY MARKET | ||
| 942 | _n0 | ||
| 999 |
_c73700 _d73700 |
||